000 00746nac a22002177a 4500
001 BR8502282
003 BR-BrBNA
005 20240105120313.0
008 230509b bl.|||m| |||| 00| 0 por d
040 _aBR-BrBNA
_bpor
_cBiblioteca Nacional de Agricultura
072 _aP40
090 _aP40 BR8502282
110 1 _aDepartamento Nacional de Meteorologia, Brasilia, DF (Brasil)
_93291
245 1 _aInformativo meteorologico. Julho/Agosto 1985 [Brasil]
260 3 _aBrasilia, DF (Brasil):
_c1985.
300 _a18 p.
490 _aInformativo Meteorologico - Departamento Nacional de Meteorologia (Brazil)
_vv. 16(4)
_xISSN 0102-3756
650 _aMETEOROLOGIA
909 _a202312
_bLúcia Elande
_c55
_dLúcia Elande
942 _2AGRIS
_n0
_cMS
999 _c278767
_d278767